000
00244nmm a2200097Ia 4500
008
220120s9999||||xx |||||||||||||||||und||
020
_a
978-81-203-3468-7
100
_a
Open source for you
245
0
_a
March-2015,Kali LInux
260
_b
New delhi
999
_c
139959
_d
139959